IT Automation Of Office Operations in a Manufacturing Company (Record no. 75086)

MARC details
000 -LEADER
fixed length control field 00476nam a2200133Ia 4500
008 - FIXED-LENGTH DATA ELEMENTS--GENERAL INFORMATION
fixed length control field 221007s9999 xx 000 0 und d
041 ## - LANGUAGE CODE
Language code of text/sound track or separate title eng
082 ## - DEWEY DECIMAL CLASSIFICATION NUMBER
Item number PAD
100 ## - MAIN ENTRY--PERSONAL NAME
Personal name Padhye Nikita U - 2k141080; Prof. Suvarna Dhamdhere - Guide & [Company Name] - Marutilifts( P.P.Products Pvt. Ltd.)
9 (RLIN) 103753
245 ## - TITLE STATEMENT
Title IT Automation Of Office Operations in a Manufacturing Company
260 ## - PUBLICATION, DISTRIBUTION, ETC. (IMPRINT)
Date of publication, distribution, etc. Sep-15
Name of publisher, distributor, etc. Savitribai Phule Pune University
Place of publication, distribution, etc. Pune
300 ## - PHYSICAL DESCRIPTION
Extent 60p
906 ## - LOCAL DATA ELEMENT F, LDF (RLIN)
b General
Holdings
Withdrawn status Lost status Damaged status Not for loan Home library Current library Date acquired Vendor Total Checkouts Full call number Barcode Date last seen Bill Date Koha item type Original Barcode
        Smt. Hiraben Nanavati Institute of Management & Research for Women Smt. Hiraben Nanavati Institute of Management & Research for Women 21/07/2016 HNIMR   PAD HIMR-PR-617 07/10/2022 07/10/2022 Project Reports PR0617